| Tag |
First Indicator |
Second Indicator |
Subfields |
| LEADER |
00000cam a2200000 4500 |
| 001 |
in00000031558 |
| 005 |
20210501063725.0 |
| 008 |
750515s1965 enka b 00010 eng u |
| 010 |
|
|
|a 64008687
|
| 035 |
|
|
|a (OCoLC)01335848
|
| 035 |
|
|
|9 AAD2876AM
|
| 040 |
|
|
|c TOL
|d TXA
|d UtOrBLW
|
| 049 |
|
|
|a TXAM
|c [412048]
|
| 050 |
0 |
0 |
|a TP810
|b .B7 1965
|
| 082 |
0 |
|
|a 666.42
|
| 092 |
|
|
|a 666.4
|b B862m, 1965
|
| 110 |
2 |
|
|a British Ceramic Research Association.
|
| 245 |
1 |
0 |
|a Methods of silicate analysis /
|c by H. Bennett and W. G. Hawley.
|
| 250 |
|
|
|a 2d ed.
|
| 264 |
|
1 |
|a London :
|b New York, Academic Press for the British Ceramic Research Association,
|c 1965.
|
| 300 |
|
|
|a xv, 334p :
|b illustrations ;
|c 24 cm.
|
| 336 |
|
|
|a text
|b txt
|2 rdacontent
|
| 337 |
|
|
|a unmediated
|b n
|2 rdamedia
|
| 338 |
|
|
|a volume
|b nc
|2 rdacarrier
|
| 504 |
|
|
|a Includes bibliographical references.
|
| 650 |
|
0 |
|a Ceramics.
|
| 650 |
|
0 |
|a Chemistry, Technical.
|
| 650 |
|
0 |
|a Analytical chemistry
|x Quantitative.
|
| 700 |
1 |
|
|a Bennett, Harry,
|d 1919-
|
| 700 |
1 |
|
|a Hawley, William George.
|
| 999 |
|
|
|a MARS
|
| 999 |
f |
f |
|s 6b07c0b3-a598-399d-b948-c6e17721ad41
|i e70e7963-9ab4-32f7-9a51-5ae6d1fad3a1
|t 0
|
| 952 |
f |
f |
|p ric
|a Texas A&M University
|b Rellis Campus
|c Joint Library Facility
|d Remote Storage
|t 0
|e TP810 .B7 1965
|h Library of Congress classification
|i unmediated -- volume
|m A14801116283
|
| 998 |
f |
f |
|a TP810 .B7 1965
|t 0
|l Remote Storage
|